000 00517nam a22002057a 4500
003 OSt
005 20150602182156.0
008 150602b xxu||||| |||| 00| 0 eng d
020 _a0750632119
040 _cDNLM
082 _aWB460 T438s 2003
100 _aeditor Porter, Stuart
_95178
245 _aTidy's physiotherapy
250 _a13th ed.
260 _aEdinburgh;
_bButterworh,
_c2003
300 _axi,578p;
_bill:
_c27cm
504 _aIndex included
650 _aPhysiotherapy
_91959
942 _2ddc
_cO_SHELF
999 _c1970
_d1970